Online
Catalog

Génesis y clasificación de suelo / (Record no. 56978)

MARC details
000 -CABECERA
campo de control de longitud fija 01129nam a2200289 i 4500
003 - IDENTIFICADOR DEL NÚMERO DE CONTROL
campo de control DO-SdBNP
005 - FECHA Y HORA DE LA ÚLTIMA TRANSACCIÓN
campo de control 20240627082050.0
007 - CAMPO FIJO DE DESCRIPCIÓN FÍSICA--INFORMACIÓN GENERAL
campo de control de longitud fija ta
008 - DATOS DE LONGITUD FIJA--INFORMACIÓN GENERAL
campo de control de longitud fija 240625t1981 mx adb|| |||| 00| 0 spa d
020 ## - NÚMERO INTERNACIONAL ESTÁNDAR DEL LIBRO
Número Internacional Estándar del Libro 9682409837
040 ## - FUENTE DE LA CATALOGACIÓN
Centro catalogador/agencia de origen DO-SdBNP
Lengua de catalogación spa
Centro/agencia transcriptor BNPHU
Normas de descripción rda
041 ## - CÓDIGO DE LENGUA
Código de lengua original eng
082 #4 - NÚMERO DE LA CLASIFICACIÓN DECIMAL DEWEY
Número de edición 22
Número de documento/Ítem B943g
100 1# - ENTRADA PRINCIPAL--NOMBRE DE PERSONA
Nombre de persona Buol, S. W.
Término indicativo de función/relación autor
9 (RLIN) 85799
245 10 - MENCIÓN DE TÍTULO
Título Génesis y clasificación de suelo /
Mención de responsabilidad, etc. S. W. Buol, F. D. Hole, R. J. McCracken; traductor, Agustín Contin.
250 ## - MENCIÓN DE EDICIÓN
Mención de edición 2a. reimpresión
264 4# - PRODUCCIÓN, PUBLICACIÓN, DISTRIBUCIÓN, FABRICACIÓN Y COPYRIGHT
Nombre del de productor, editor, distribuidor, fabricante México :
Producción, publicación, distribución, fabricación y copyright Trillas,
Fecha de producción, publicación, distribución, fabricación o copyright @1981
300 ## - DESCRIPCIÓN FÍSICA
Extensión 417 páginas :
Otras características físicas ilustracione, gráficas, mapas ;
Dimensiones 23 cm.
336 ## - TIPO DE CONTENIDO
Fuente rdacontent
Término de tipo de contenido texto
Código de tipo de contenido txt
337 ## - TIPO DE MEDIO
Fuente rdamedia
Nombre/término del tipo de medio sin mediación
Código del tipo de medio n
338 ## - TIPO DE SOPORTE
Fuente rdacarrier
Nombre/término del tipo de soporte volumen
Código del tipo de soporte nc
500 ## - NOTA GENERAL
Nota general lIncluye índice.
534 ## - NOTA SOBRE LA VERSIÓN ORIGINAL
Encabezamiento principal del original Título original: Soil Génesis and classification.
Mención de edición del original Versión autorizada en español de la primera edición publicada en inglés, 1981.
Publicación, distribución, etc. del original Publicada en inglés por The Iowa State University Press, Ames Iowa, E. U. A. ISBN, 0-8138-1460-X.
590 ## - NOTA LOCAL (RLIN)
Nota local Inventariado 2024 / MF
700 1# - PUNTO DE ACCESO ADICIONAL--NOMBRE DE PERSONA
Nombre de persona Contín, Agustin,
9 (RLIN) 45783
Término indicativo de función/relación traductor
942 ## - ELEMENTOS DE PUNTO DE ACCESO ADICIONAL (KOHA)
Fuente del sistema de clasificación o colocación Dewey Decimal Classification
Tipo de ítem Koha Libro
Holdings
Estado de retiro Estado de pérdida Fuente del sistema de clasificación o colocación Restricciones de uso No para préstamo Código de colección Localización permanente Ubicación/localización actual Ubicación en estantería Fecha de adquisición Fuente de adquisición Total de préstamos Signatura topográfica completa Código de barras Fecha visto por última vez Precio válido a partir de Tipo de ítem Koha
    Dewey Decimal Classification Excluido de préstamo   Patrimonio Dominicano Biblioteca Nacional Pedro Henríquez Ureña Biblioteca Nacional Pedro Henríquez Ureña En catalogación 25.06.2012 Donado por FUNDI   B943g 2024-3720 25.06.2024 25.06.2024 Libro

Powered by Koha